000 00477nam a2200181Ia 4500
005 20250326141746.0
008 250326s9999 xx 000 0 und d
037 _aTextbook
040 _aFMSL
_beng
_cFMSL
041 _aeng
_2eng
084 _qFMSL
100 _aDwivedi R S
245 0 _aManagement ; An Integrated approach
_cDwivedi R S
260 _aNew Delhi
_bNew Delhi, National Pub. House
_c1988
300 _a798p
942 _cTB
999 _c1291830
_d1291830